000 00596nam a2200205Ia 4500
003 OSt
005 20230411112101.0
008 210423s2011 xx 000 0 und d
020 _a9788174820556
040 _cAL
041 _aeng
082 _a370.02 LALU
_223
100 _aLAL;others.
_985997
245 _aUpkars UGC/NET/JRF/SET teaching and research aptitude: general paper-I.
260 _aAgra
_bUpkar prakashan
_c2011
300 _axvi,352
_bPB
365 _b235
_cINR
906 _aaptitude: ; general ; paper-I. ; research ; teaching ; UGC/NET/JRF/SET ; Upkars
942 _2ddc
_cBK
999 _c159076
_d159076